000 00593nam a2200181Ia 4500
008 151018s9999 xx 000 0 und d
082 _bRBASDV60714
_a891.463
100 _aउत्तम कांबळे
245 _aप्रायश्चीत
250 _b1
260 _b"गवळी प्रकाशन, इस्लामपूर"
_c2012
300 _a176
600 _aउत्तम कांबळे
630 _aप्रायश्चीत
700 _aउत्तम कांबळे
730 _aप्रायश्चीत
942 _cBOOK
999 _c1054217
_d1054214